00416 2200157 4500001002100000005001500021035002000036245007000056100001800126300001200144260004600156082000800202084001400210020002200224990001200246INLIS00000000000260820250605022935 a0010-06250001941 aSuper Modul KSN Astronomi 1 :bAstronomi Jilid 1 /cSofyan Dwi N.0 aSofyan Dwi N. a240 hlm aJakarta :bPT. Jakarta Sains Media,c2022 a520 a520 SOF s a978-623-6111-32-1 a0754848